Southville International School and Colleges
Your cart is empty.
  • Cart
  • Lists
    Public lists Eva Luna New books Lux_list list_1
    Your lists Log in to create your own lists
  • Log in to your account
  • Your cookies
  • Search history
Southville International School and Colleges
  • Advanced search
  • Recent comments
  • Most popular
  • Libraries

Log in to your account

Log in with GOOGLE


If you do not have an external account, but do have a local account, you can still log in:

  1. Home
  2. MARC view: John Travolta :
Normal view MARC view ISBD view

John Travolta : (Record no. 35859)

[ view plain ]
MARC details
000 -LEADER
fixed length control field 00488nam a22001697a 4500
003 - CONTROL NUMBER IDENTIFIER
control field OSt
005 - DATE AND TIME OF LATEST TRANSACTION
control field 20140311134813.0
008 - FIXED-LENGTH DATA ELEMENTS--GENERAL INFORMATION
fixed length control field 130608t xxu||||| |||| 00| 0 eng d
020 ## - INTERNATIONAL STANDARD BOOK NUMBER
International Standard Book Number 0441406300
050 ## - LIBRARY OF CONGRESS CALL NUMBER
Classification number PN 2287
Item number .M969 1978
082 ## - DEWEY DECIMAL CLASSIFICATION NUMBER
Classification number M 791.0924
Item number T69m 1978
245 ## - TITLE STATEMENT
Title John Travolta :
Remainder of title an illustrated biography /
Statement of responsibility, etc Munshower, Suzanne
260 ## - PUBLICATION, DISTRIBUTION, ETC. (IMPRINT)
Place of publication, distribution, etc New York, NY :
Name of publisher, distributor, etc Grosset & Dunlap, Inc.,
Date of publication, distribution, etc c1978.
300 ## - PHYSICAL DESCRIPTION
Extent 131 p.
Other physical details ill. ;
Dimensions 17 cm.
942 ## - ADDED ENTRY ELEMENTS (KOHA)
Source of classification or shelving scheme Library of Congress Classification
Koha item type Books
Call number prefix
Holdings
Withdrawn status Lost status Source of classification or shelving scheme Damaged status Home library Current library Shelving location Date acquired Total Checkouts Full call number Barcode Date last seen Copy number Price effective from Koha item type
    Library of Congress Classification   College Library College Library General Circulation Section 06/08/2013   PN 2287 .M969 1978 C1698 05/15/2018 1 06/08/2013 Books

John Travolta :

APA

(1978). John Travolta. New York, NY: Grosset & Dunlap, Inc.

Chicago

1978. John Travolta. New York, NY: Grosset & Dunlap, Inc.

Harvard

(1978). John Travolta. New York, NY: Grosset & Dunlap, Inc.

MLA

John Travolta. New York, NY: Grosset & Dunlap, Inc. 1978.

  • Place hold
  • Print
  • Cite
  • Add to your cart (remove)
  • Save record
    BIBTEX Dublin Core MARCXML MARC (non-Unicode/MARC-8) MARC (Unicode/UTF-8) MARC (Unicode/UTF-8, Standard) MODS (XML) RIS
  • More searches
    Search for this title in:
    Other Libraries (WorldCat) Other Databases (Google Scholar) Online Stores (Bookfinder.com) Open Library (openlibrary.org)

Exporting to Dublin Core...

SOUTHVILLE LIBRARY

Southville International School and Colleges Library

1281 Tropical Ave. Cor. Luxembourg St., BF Homes International, Las Pinas City

Tel. No. 8256374 / 252358 Loc. 117/146

Powered by Koha